000 nam a22 a 4500
999 _c160148
_d160148
003 BLK
005 20220221142932.0
008 180410b bul|||||r ||||||| ||bul||
040 _aBLK
041 _aBUL
_cBUL
080 _aБългарски език
_b811.163.2
_x-087
_z811.163.2-087
139 _aБългарска диалектология
_bБ 92
245 1 0 _aБългарска диалектология
_bПроучвания и материали : Кн. 1 -
_cотг. ред. Кирил Мирчев; * Т. Костова; * Хриска Топалова.
_nКн. 8
257 _aBGR
260 _bБАН
_c1962 -
_aСофия
300 _c25 см
380 _a80
650 4 _aБългарски език - диалекти
_9241883
653 _aбългарски език
653 _aдиалекти
700 1 _aМирчев, Кирил
_eотг. ред.
_9381619
700 1 _aКостова, Т.
_e*
_9334780
700 1 _aТопалова, Хриска
_e*
_9381627
760 1 _d1977
_h329 с.
_nДр. ред.: Т. Костова, Хр. Топалова. - Изд. на БАН. Инст. за бълг. ез. - 1 000 тир.
_tКн. 8
852 _aЦб 25111
_bЦб
856 4 _qpdf
856 4 _qpdf
942 _cKNG
_n0
_s1
944 _aCR
_c14.11.2014
_l14.11.2014 - от С1,Р / 14.11.2014
_kНаталия_Любомирова
944 _aED
_c2022-02-21
_l2022-02-21
999 _d160148
999 _d160148
999 _d160148